CO MOŻE TRZYMAĆ W RĘKU LEKKOATLETA? - Statystyki

Ogólne statystyki
  • Ten quiz został rozwiązany 86 razy
  • Średni wynik to 5 z 6
Statystyki odpowiedzi
Odpowiedź % Poprawnych
MŁOT
96%
OSZCZEP
92%
DYSK
84%
KULĘ
80%
TYCZKĘ
74%
PAŁECZKĘ
63%
Nie znaleziono quizów pasujących do podanych kryteriów
Rozkład punktacji
Procent ludzi z każdym wynikiem
Percentyl według liczby udzielonych odpowiedzi
Twoja historia wyników
Nie rozwiązałeś tego quizu